000 01170nam a22002417a 4500
999 _c58216
_d58216
003 Ge_BSU
005 20241023112808.0
008 210916s2021 ge ||||| |||| 00| 0 geo d
020 _a9789941974137
041 _ageo
080 _a341.7 ა-19
100 _aაბაშიძე, ასლან
_94400
245 _aდიპლომატიური და საკონსულო სამართალი /
_cასლან აბაშიძე, გივი ლობჟანიძე; რედ. როინ მეტრეველი, რომან შენგელია.
264 _aთბილისი,
_c2021.
300 _a488 გვ.
_b22 სმ.
653 _aდიპლომატიური სამართალი
653 _aსაკონსულო სამართალი
700 _aლობჟანიძე, გივი
_eავტორი
_912493
700 _aმეტრეველი, როინ
_eრედაქტორი
_912494
700 _aშენგელია, რომან
_eრედაქტორი
_912495
773 _tნაჩუქარი
942 _2udc
_cBK